through the late night - Travis Scott feat. Kid Cudi (Full lyrics) - Statistics

General Stats
  • This quiz has been taken 5 times
  • The average score is 443 of 535
Answer Stats
Lyrics % Correct
a
100%
Ah,
100%
ah,
100%
all
100%
All
100%
all,
100%
and
100%
B
100%
Balance
100%
balance
100%
cactus
100%
day,
100%
day
100%
Day
100%
diethylamide
100%
Hmm-
100%
hmm,
100%
I
100%
in
100%
late
100%
meh-
100%
meh,
100%
meh
100%
mind,
100%
mind
100%
mmm,
100%
mmm-hmm
100%
my
100%
night
100%
night,
100%
N,N-Dimethyltryptamine
100%
play
100%
play,
100%
Play
100%
Sleep
100%
sleep
100%
Stroke
100%
the
100%
The
100%
the—
100%
through
100%
we
100%
you
100%
You
100%
be
80%
bed,
80%
bed
80%
do
80%
don't
80%
how
80%
it
80%
No
80%
no
80%
Oh,
80%
on
80%
ooh,
80%
then
80%
To
80%
toss
80%
turn,
80%
come
60%
did
60%
drink,
60%
find
60%
Four
60%
get
60%
God
60%
gon'
60%
good
60%
got
60%
hate,
60%
I'm
60%
keep
60%
like
60%
lil'
60%
matter,
60%
mornin',
60%
NBA
60%
NRA
60%
place?
60%
right
60%
said
60%
salad
60%
shootin'
60%
shots
60%
S'il
60%
Sip
60%
sleepin'
60%
space?
60%
space
60%
take
60%
talent
60%
this
60%
until
60%
up
60%
wait
60%
Yeah,
60%
yeah,
60%
yeah
60%
are
40%
ball,
40%
Bun
40%
case
40%
contemplatin',
40%
Cudi
40%
Done
40%
games
40%
groove
40%
had
40%
heart
40%
hell
40%
it's
40%
just
40%
Kid
40%
malice
40%
new
40%
out
40%
peace,
40%
plaît,
40%
pull
40%
rage
40%
scene,
40%
season
40%
Shawty,
40%
she
40%
should
40%
Slim
40%
smoke,
40%
soarin',
40%
sprinkle
40%
stressin'
40%
tea,
40%
they
40%
Travis
40%
vibes
40%
vous
40%
your
40%
acid
20%
after
20%
again
20%
at
20%
Bone
20%
can't
20%
checks
20%
delicious,
20%
effervescent,
20%
Hennessy
20%
hit
20%
I'ma
20%
jammin',
20%
join
20%
Krayzie
20%
lean,
20%
light
20%
lysergic
20%
never
20%
of
20%
palace
20%
Relieve
20%
restrain
20%
ring,
20%
runnin'
20%
save
20%
seek
20%
sometimes
20%
throwin'
20%
we'll
20%
No matching quizzes found
Score Distribution
Percent of People with Each Score
Percentile by Number Answered
Your Score History
You have not taken this quiz